Basic Electrical Engineering with Lab Manual (Record no. 21980)

MARC details
000 -LEADER
fixed length control field 00373nam a22001457a 4500
008 - FIXED-LENGTH DATA ELEMENTS--GENERAL INFORMATION
fixed length control field 260213b |||||||| |||| 00| 0 eng d
020 ## - INTERNATIONAL STANDARD BOOK NUMBER
ISBN 978-93-91-505-15-8
100 ## - MAIN ENTRY--AUTHOR NAME
Personal name S. K. Yadav
245 ## - TITLE STATEMENT
Title Basic Electrical Engineering with Lab Manual
260 ## - PUBLICATION, DISTRIBUTION, ETC. (IMPRINT)
Place of publication New Delhi
Name of publisher Khanna Book Pub
Year of publication 2024
300 ## - PHYSICAL DESCRIPTION
Number of Pages 375
650 ## - SUBJECT ADDED ENTRY--TOPICAL TERM
Topical Term EE
942 ## - ADDED ENTRY ELEMENTS (KOHA)
Source of classification or shelving scheme Dewey Decimal Classification
Koha item type Books
Holdings
Accession Number Cost, normal purchase price Bill Date Source of acquisition Price effective from Koha item type Withdrawn / writtenoff status Damaged status Not for loan Permanent Location Current Location Shelving location Date acquired Lost/ Missing status department
BE 25241 520.00 27-01-2026 Radha Krishna Anand & Co, Jammu 02/13/2026 Books       MIET Library, Jammu MIET Library, Jammu 30/4 02/13/2026   BE